000 00214nam a2200097Ia 4500
008 240331s9999 xx 000 0 und d
082 _bASH
100 _aAshokamitran
245 0 _aAshokamitran katturaigal
942 _cL
999 _c4657
_d4657